Movies Quiz

Random Movies or Letter Quiz

Five Word Hints for Five Letter Films Quiz Stats

 Plays Quiz Updated Sep 28, 2018

Score 0/25 Timer 02:30
1,259 Plays Today
% Correct
Dumbo
99.2%
Rocky
92.7%
Shrek
91.2%
Ghost
88.8%
Hitch
86.4%
Twins
84.8%
Click
83.3%
Evita
83.1%
Logan
80.9%
Sully
80.1%
Brave
77.3%
Drive
77.1%
Se7en
74.6%
% Correct
Yentl
73.7%
Fargo
71.7%
Congo
71.4%
Alive
68%
Tommy
63.2%
Alien
62.4%
Shaft
60.8%
Alfie
58.6%
Shane
51.2%
Giant
45.3%
Marty
45.1%
Wings
39.7%

You're not logged in!

Compare scores with friends on all Sporcle quizzes.
OR
Log In

Sporcle TV

Today on Sporcle TV


Watch our educational content, quiz creation guides, and fun videos on Sporcle TV.

Show Comments

Extras

Top Quizzes Today


Score Distribution

Your Account Isn't Verified!

In order to create a playlist on Sporcle, you need to verify the email address you used during registration. Go to your Sporcle Settings to finish the process.

Report this User

Report this user for behavior that violates our Community Guidelines.

Details: